000 01489nam a2200373 a 4500
001 ebr10626336
003 CaPaEBR
006 m u
007 cr cn|||||||||
008 050126s2004 enkabcd sb 001 0 eng d
010 _z 2005363503
020 _z0854042954 (pbk.)
020 _z9780854042951
020 _z9781847552211 (e-book)
040 _aCaPaEBR
_cCaPaEBR
035 _a(OCoLC)62507474
050 1 4 _aHE147.65
_b.T73 2004eb
082 0 4 _a363.7387
_222
245 0 0 _aTransport and the environment
_h[electronic resource] /
_ceditors, R.E. Hester and R.M. Harrison.
260 _aCambridge :
_bRoyal Society of Chemistry,
_cc2004.
300 _axi, 160 p. :
_bill., 1 map, ports.
440 0 _aIssues in environmental science and technology,
_x1350-7583 ;
_v20
504 _aIncludes bibliographical references and index.
533 _aElectronic reproduction.
_bPalo Alto, Calif. :
_cebrary,
_d2011.
_nAvailable via World Wide Web.
_nAccess may be limited to ebrary affiliated libraries.
650 0 _aTransportation
_xEnvironmental aspects.
650 0 _aAir
_xPollution.
650 0 _aTransportation and state.
655 7 _aElectronic books.
_2local
700 1 _aHester, R. E.
_q(Ronald E.)
700 1 _aHarrison, Roy M.,
_d1948-
710 2 _aRoyal Society of Chemistry (Great Britain)
710 2 _aebrary, Inc.
856 4 0 _uhttp://site.ebrary.com/lib/rucke/Doc?id=10626336
_zAn electronic book accessible through the World Wide Web; click to view
999 _c50789
_d50789